[Event "UKR-ch Women Final 2018"]
[Site "Kiev"]
[Date "2018.12.14"]
[Round "4"]
[White "Gaponenko, Inna"]
[Black "Dolzhykova, Kateryna"]
[Result "1-0"]
[WhiteElo "2420"]
[BlackElo "2161"]
[Annotator "TA"]
[PlyCount "55"]
[EventDate "2018.12.11"]
[EventType "tourn"]
[EventCountry "UKR"]
[SourceTitle "playchess.com"]
[Source "ChessBase"]
[SourceQuality "1"]

{[%evp 18,55,83,91,93,89,94,96,88,91,154,121,117,121,265,246,292,285,239,244,264,217,666,657,650,645,920,964,953,811,874,800,29990,29991,29994,29995,29995,29996,29996,29997]} 1. e4 c5 2. Nf3 Nc6 3. d4 cxd4 4. Nxd4 Nf6 5. Nc3 g6 6. Nxc6 bxc6 7. e5 Ng8 8. Bc4 Bg7 9. Qf3 e6 10. Bf4 $1 {LiveBook: 4 Games} Qc7 {B34: Sicilian: Accelerated Dragon with 5 Nc3: sidelines} (10... Qa5 11. O-O-O Bxe5 12. Ne4 Kf8 13. Nd6 Nf6 14. Rhe1 Bxf4+ 15. Qxf4 Kg7 16. Re3 Rf8 17. Ra3 Qc5 18. Qxf6+ Kxf6 {1-0 (29) Riff,J (2502)-Congiu,M (2303) La Massana 2015}) 11. O-O-O $146 ({Predecessor:} 11. O-O Bxe5 12. Nb5 cxb5 13. Bxe5 Bb7 14. Bxc7 Bxf3 15. Bxb5 a6 16. Bd3 Bb7 17. c4 f6 18. b4 {1-0 (34) Conde Poderoso,A (2276)-Martin Vazquez,J (2351) ICCF email 2015}) 11... Bxe5 12. Bxe5 Qxe5 {White is better.} 13. Rhe1 Qg5+ ({Black should play} 13... Qh5) 14. Kb1 $1 $16 {[%mdl 1024] Ne4 is the strong threat. White has strong compensation.} Nf6 {[#]} 15. Rd4 $1 $36 {[%cal Bd1d4,Bd4f4,Bf4f6][%mdl 2080] And now h4 would win. White is in control.} O-O {[#]} (15... Ke7 $16) 16. h4 $1 $18 {[%cal Rh4g5,Bh2h4,Bh4h5][%mdl 32]} Qf5 {Hoping for ...Qxf3.} 17. Rf4 Qc5 18. Rxf6 Qxc4 19. h5 Ba6 $2 (19... Qh4 20. g4 Bb7) 20. Rf4 Qc5 21. Ne4 Qe7 22. Nf6+ Kh8 23. Qc3 {Threatens to win with Nd5+.} e5 24. Rxe5 Qd8 25. Re8 {White mates.} Rxe8 26. Nxe8+ f6 27. Rxf6 {[%cal Rf6f8]} Kg8 {[#]} 28. Rxg6+ $1 {[%mdl 512] Accuracy: White = 100%, Black = 38%.} 1-0

[Event "UKR-ch Women Final 2018"]
[Site "Kiev"]
[Date "2018.12.14"]
[Round "4"]
[White "Buksa, Nataliya"]
[Black "Martynkova, Olena"]
[Result "1-0"]
[WhiteElo "2410"]
[BlackElo "2173"]
[Annotator "TA"]
[PlyCount "78"]
[EventDate "2018.12.11"]
[EventType "tourn"]
[EventCountry "UKR"]
[SourceTitle "playchess.com"]
[Source "ChessBase"]
[SourceQuality "1"]

{[%evp 34,78,38,7,68,41,39,41,56,39,50,37,100,93,90,79,172,161,171,163,165,172,160,176,213,224,207,180,177,177,162,136,151,149,203,205,239,190,202,166,764,760,752,739,734,743,646]} 1. e4 c5 2. Nf3 e6 3. d4 cxd4 4. Nxd4 Nc6 5. Nc3 Qc7 6. Be2 a6 7. Be3 Nf6 8. O-O Be7 9. f4 d6 10. Kh1 O-O 11. Qe1 Nxd4 12. Bxd4 b5 13. Qg3 Bb7 14. a3 Rad8 15. Rae1 Bc6 16. Bd3 {B85: Sicilian Scheveningen: 6 Be2 a6, lines with early Be3} (16. Bf3 Ne8 17. Qf2 Rc8 18. Rd1 Bf6 19. Rfe1 Bxd4 20. Qxd4 Rd8 21. e5 Bxf3 22. gxf3 d5 23. f5 Qc4 {1-0 (62) Kravtsiv,M (2672)-Harikrishna,P (2744) Riadh 2017}) 16... Qd7 17. Bb6 Rb8 18. Be3 {LiveBook: 4 Games. White is slightly better.} Kh8 $146 (18... a5 $11) ({Predecessor:} 18... Rbd8 19. f5 Kh8 20. Qh3 e5 21. Rd1 a5 22. b4 axb4 23. axb4 Qb7 {½-½ (75) Lagno,K (2547)-Krush,I (2431) Riadh 2017}) 19. Bc1 a5 20. e5 Nh5 21. Qh3 g6 22. Ne4 Bxe4 ({Black should play} 22... Kg8 $14) 23. Bxe4 $16 Kg8 24. Rf3 f5 (24... dxe5 $16 25. fxe5 f5 26. exf6 Rxf6) 25. exf6 $1 $18 Nxf6 26. Bd3 e5 27. fxe5 Qxh3 28. gxh3 ({Much worse is} 28. Rxh3 Ng4 $11) 28... Nd7 29. Rxf8+ Nxf8 30. exd6 Bxd6 31. Bh6 Kf7 32. Be4 Kf6 33. Rf1+ Ke6 (33... Ke5 $16) 34. Bf3 b4 35. axb4 axb4 36. Bg4+ Kd5 $2 (36... Ke7 37. Re1+ Kf7 38. Rf1+ Ke7 39. Re1+ Kf7 40. Rf1+ Ke8) 37. Rd1+ {White is clearly winning.} Kc5 {[#]} 38. Rxd6 $1 {[%mdl 576] Remove Defender} Kxd6 39. Bf4+ {[%mdl 64] Skewer} Kd5 {Accuracy: White = 75%, Black = 35%.} 1-0

[Event "UKR-ch Women Final 2018"]
[Site "Kiev"]
[Date "2018.12.14"]
[Round "4"]
[White "Buksa, Nataliya"]
[Black "Martynkova, Olena"]
[Result "*"]
[WhiteElo "2410"]
[BlackElo "2173"]
[Annotator "TA"]
[PlyCount "14"]
[EventDate "2018.12.11"]
[EventType "tourn"]
[EventCountry "UKR"]
[SourceTitle "playchess.com"]
[Source "ChessBase"]
[SourceQuality "1"]

{[%evp 9,14,15,25,31,45,36,72]} 1. c4 e5 2. Nc3 d6 3. e3 f5 4. d4 Be7 5. Be2 (5. g3 Nf6 6. Bg2 O-O 7. Nge2 Na6 8. O-O c6 9. b3 e4 10. d5 Nc5 11. f3 cxd5 12. cxd5 exf3 13. Bxf3 Bd7 14. Nd4 Rc8 15. Nce2 {½-½ (28) Ernst,S (2548)-Efimenko,Z (2636) Germany 2017}) 5... Nf6 6. Nf3 {A21: English Opening: 1...e5 2 Nc3} Nbd7 7. O-O Ne4 $146 ({Predecessor:} 7... O-O 8. Qc2 Ng4 9. b4 e4 10. Ne1 Ndf6 11. f3 exf3 12. Bxf3 {1-0 (48) Paredes Galan,A (2334)-Marcelin,C (2481) Paris 2005}) *

[Event "UKR-ch Women Final 2018"]
[Site "Kiev"]
[Date "2018.12.14"]
[Round "4"]
[White "Doluhanova, Evgeniya"]
[Black "Rakhmangulova, Anastasiya"]
[Result "0-1"]
[WhiteElo "2367"]
[BlackElo "2233"]
[Annotator "TA"]
[PlyCount "80"]
[EventDate "2018.12.11"]
[EventType "tourn"]
[EventCountry "UKR"]
[SourceTitle "playchess.com"]
[Source "ChessBase"]
[SourceQuality "1"]

{[%evp 9,80,25,79,55,72,37,23,20,22,11,43,-2,0,-16,-2,-13,-10,-64,-77,-75,-38,-80,-81,-97,-100,-127,-58,-60,-72,-77,-45,-118,-85,-77,-97,-85,0,0,0,-253,0,-234,-224,-333,-328,-327,-293,-350,-350,-533,-523,-532,-532,-481,-325,-317,-352,-732,-426,-376,-192,-435,-435,-427,-414,-852,-844,-810,-782,-1758,-1685,-29983,-29984]} 1. Nf3 d5 2. b3 c5 3. e3 Nc6 4. Bb5 Qc7 (4... Bd7 5. Bb2 e6 6. O-O Nge7 7. Be2 Ng6 8. c4 d4 9. exd4 cxd4 10. Nxd4 Qf6 11. Nc2 Qxb2 12. Nc3 Nb4 {0-1 (27) Salgado Lopez,I (2644)-Anand,V (2782) Riadh 2017}) 5. Bb2 f6 (5... Nf6 $11) 6. c4 $1 $16 {[%cal Rc4d5] A06: Réti Opening:1 Nf3 d5} a6 7. cxd5 $146 {Strongly threatening Be2.} (7. Ba4 {with more complications.} dxc4 8. bxc4 e5 9. O-O Be6 10. Qc2) ({Predecessor:} 7. Bxc6+ bxc6 8. Nh4 e5 9. Qh5+ Qf7 10. Qxf7+ Kxf7 11. Nc3 e4 12. f4 h6 {½-½ (23) Jacobsen,P (2055)-Hayes,S (2039) Copenhagen 2006}) 7... axb5 8. dxc6 {White has an edge.} bxc6 9. Qc2 e6 {[%cal Be7e6,Be6e5][%mdl 32]} 10. d4 cxd4 11. Nxd4 Bb4+ 12. Bc3 Bd6 13. Bd2 ({Better is} 13. a4 $11) 13... Ne7 $15 14. Nc3 e5 15. Nde2 f5 16. Rc1 {next Nxb5! is good for White.} Qb8 17. a4 b4 ({Black should try} 17... O-O $17 18. O-O Be6) 18. Nd1 O-O $36 {[%mdl 2048] Black has strong initiative.} 19. Nb2 f4 20. e4 (20. O-O $15) 20... Ba6 21. Nc4 Bc7 22. O-O Rf6 (22... c5 $17) 23. Rfd1 $11 Ng6 {[%cal Be7g6,Bg6h4,Bh4f3][%mdl 32]} 24. Kf1 $2 {[%mdl 8192] [#]} (24. f3 $11) 24... Qf8 $2 (24... Nh4 $1 $19 {aiming for ...Qc8.} 25. Ng1 Qf8) 25. Ng1 $2 {[#]} (25. f3 $11 {and White has nothing to worry.}) 25... Nh4 $1 $19 26. Nf3 (26. Be1 $142 Rg6 27. Rd7) 26... Nxf3 27. gxf3 Rh6 28. Be1 Bb6 (28... Rxh2 $2 29. Rd3 $17) 29. Rd3 (29. Rd7 $142) 29... Bd4 30. Ke2 Rxh2 31. Kd1 Rh1 32. Rxd4 exd4 33. Nb6 $2 (33. Ne5 Rc8 34. Qc5) 33... Rd8 34. Qxc6 Qd6 (34... d3 $142 {( -> ...d2)} 35. Kd2 Qe7) 35. Qxd6 $2 (35. Qd5+ Kh8 36. Qxd6 Rxd6 37. Na8) 35... Rxd6 36. Nd5 d3 37. Rc7 (37. Kd2 $142 h5 38. Nc7) 37... h5 {[%cal Bh7h5,Bh5h4,Bh4h3][%mdl 32]} 38. Kd2 h4 39. Nxf4 h3 40. Nh5 {[#]} Rxe1 $1 {[%mdl 512] Accuracy: White = 24%, Black = 51%.} 0-1

[Event "UKR-ch Women Final 2018"]
[Site "Kiev"]
[Date "2018.12.14"]
[Round "4"]
[White "Doluhanova, Evgeniya"]
[Black "Rakhmangulova, Anastasiya"]
[Result "*"]
[WhiteElo "2367"]
[BlackElo "2233"]
[Annotator "TA"]
[PlyCount "25"]
[EventDate "2018.12.11"]
[EventType "tourn"]
[EventCountry "UKR"]
[SourceTitle "playchess.com"]
[Source "ChessBase"]
[SourceQuality "1"]

{[%evp 9,9,32]} 1. Nf3 d5 2. b3 c5 3. e3 Nc6 4. Bb5 Qc7 (4... Bd7 5. Bb2 e6 6. O-O Nge7 7. Be2 Ng6 8. c4 d4 9. exd4 cxd4 10. Nxd4 Qf6 11. Nc2 Qxb2 12. Nc3 Nb4 {0-1 (27) Salgado Lopez,I (2644)-Anand,V (2782) Riadh 2017}) 5. Bb2 {Predecessor:} Nf6 $146 6. c4 a6 7. Be5 Qb6 8. Ba4 dxc4 9. bxc4 Bf5 10. Nc3 e6 11. Qb3 Qxb3 12. Bxc6+ bxc6 13. axb3 {½-½ (42) Meier,G (2647)-Wagner,D (2490) Germany 2014} *

[Event "UKR-ch Women Final 2018"]
[Site "Kiev"]
[Date "2018.12.14"]
[Round "4"]
[White "Babiy, Olga"]
[Black "Osmak, Iulija"]
[Result "1/2-1/2"]
[WhiteElo "2275"]
[BlackElo "2403"]
[Annotator "TA"]
[PlyCount "32"]
[EventDate "2018.12.11"]
[EventType "tourn"]
[EventCountry "UKR"]
[SourceTitle "playchess.com"]
[Source "ChessBase"]
[SourceQuality "1"]

{[%evp 23,32,26,48,24,33,12,12,12,27,6,12]} 1. e4 e6 2. d4 d5 3. Nc3 dxe4 4. Nxe4 Nd7 5. Nf3 Ngf6 6. Nxf6+ Nxf6 7. Bd3 c5 8. dxc5 Bxc5 9. Qe2 O-O 10. Bg5 Qa5+ 11. c3 Be7 12. O-O {C10: French with 3 Nc3: Unusual Black 3rd moves and 3...dxe4} Rd8 {LiveBook: 3 Games} 13. Rfd1 Bd7 14. Be4 Qc7 {[#]} 15. Bc2 $146 ({Predecessor:} 15. Ne5 Ba4 16. Rxd8+ Rxd8 17. Bf3 Nd5 18. Bxe7 Nxe7 19. Re1 Be8 {½-½ (45) Landa,K (2596)-Erdos,V (2518) Cappelle-la-Grande 2007}) 15... Be8 16. h3 Rxd1+ 1/2-1/2

[Event "UKR-ch Women Final 2018"]
[Site "Kiev"]
[Date "2018.12.14"]
[Round "4"]
[White "Berdnyk, Mariia"]
[Black "Shpanko, Nadiia"]
[Result "1-0"]
[WhiteElo "2248"]
[BlackElo "2262"]
[Annotator "TA"]
[PlyCount "57"]
[EventDate "2018.12.11"]
[EventType "tourn"]
[EventCountry "UKR"]
[SourceTitle "playchess.com"]
[Source "ChessBase"]
[SourceQuality "1"]

{[%evp 9,57,21,25,18,51,45,111,8,32,8,7,5,18,0,31,0,5,0,-2,-24,0,0,7,0,-2,-47,-47,-37,39,47,52,42,44,48,40,38,66,58,56,66,104,89,151,105,105,109,107,104,29992,29993]} 1. c4 e5 2. Nc3 d6 3. e3 f5 4. d4 Be7 5. Be2 (5. g3 Nf6 6. Bg2 O-O 7. Nge2 Na6 8. O-O c6 9. b3 e4 10. d5 Nc5 11. f3 cxd5 12. cxd5 exf3 13. Bxf3 Bd7 14. Nd4 Rc8 15. Nce2 {½-½ (28) Ernst,S (2548)-Efimenko,Z (2636) Germany 2017}) 5... Nf6 6. Nf3 {A21: English Opening: 1...e5 2 Nc3} Nbd7 7. O-O Ne4 $146 {[#]} (7... O-O $14) ({Predecessor:} 7... O-O 8. Qc2 Ng4 9. b4 e4 10. Ne1 Ndf6 11. f3 exf3 12. Bxf3 {1-0 (48) Paredes Galan,A (2334)-Marcelin,C (2481) Paris 2005}) 8. Bd2 ({White should try} 8. Nxe4 $1 $16 fxe4 9. Nd2) 8... Bf6 9. Qc2 Nxd2 10. Qxd2 O-O (10... e4 $5 11. Ne1 $8 O-O $11) 11. Rad1 Kh8 (11... e4 $5 12. Ne1 $8 Nb6 $11) 12. Qc2 e4 13. Nd2 c6 14. f3 exf3 15. Nxf3 Nb6 16. e4 fxe4 17. Nxe4 Bf5 {White must now prevent ...d5.} 18. Bd3 {[#]} d5 (18... Nxc4 $1 $15 {[%mdl 512]} 19. Nxf6 (19. Qxc4 d5) 19... Ne3 {[%mdl 64] Double Attack}) 19. Nxf6 $14 {[%mdl 64] Discovered Attack} Bxd3 20. Qxd3 {[%csl Gf6][%cal Rd3h7]} Rxf6 21. b3 Kg8 22. Rde1 Nd7 23. cxd5 cxd5 24. Qb5 Nb6 25. Re5 Rc6 (25... h6 $142) 26. Ng5 {And now Qd3 would win.} h6 27. Ne6 Qh4 28. Qd3 Re8 $2 {[%mdl 8192]} (28... Nd7 $16 29. Ree1 (29. Rxd5 Nf6 $16) 29... Kh8) 29. Ng5 {Accuracy: White = 39%, Black = 32%.} 1-0

[Event "UKR-ch Women Final 2018"]
[Site "Kiev"]
[Date "2018.12.14"]
[Round "4"]
[White "Berdnyk, Mariia"]
[Black "Shpanko, Nadiia"]
[Result "*"]
[WhiteElo "2248"]
[BlackElo "2262"]
[Annotator "TA"]
[PlyCount "46"]
[EventDate "2018.12.11"]
[EventType "tourn"]
[EventCountry "UKR"]
[SourceTitle "playchess.com"]
[Source "ChessBase"]
[SourceQuality "1"]

{[%evp 34,35,15,26]} 1. e4 c5 2. Nf3 e6 3. d4 cxd4 4. Nxd4 Nc6 5. Nc3 Qc7 6. Be2 a6 7. Be3 Nf6 8. O-O Be7 9. f4 d6 10. Kh1 O-O 11. Qe1 Nxd4 12. Bxd4 b5 13. Qg3 Bb7 14. a3 Rad8 15. Rae1 Bc6 16. Bd3 {B85: Sicilian Scheveningen: 6 Be2 a6, lines with early Be3} (16. Bf3 Ne8 17. Qf2 Rc8 18. Rd1 Bf6 19. Rfe1 Bxd4 20. Qxd4 Rd8 21. e5 Bxf3 22. gxf3 d5 23. f5 Qc4 {1-0 (62) Kravtsiv,M (2672)-Harikrishna,P (2744) Riadh 2017}) 16... Qd7 17. Bb6 Rb8 18. Be3 {LiveBook: 4 Games} {Predecessor:} Rbd8 $146 19. f5 Kh8 20. Qh3 e5 21. Rd1 a5 22. b4 axb4 23. axb4 Qb7 {½-½ (75) Lagno,K (2547)-Krush,I (2431) Riadh 2017} *

[Event "UKR-ch Women Final 2018"]
[Site "Kiev"]
[Date "2018.12.15"]
[Round "5"]
[White "Osmak, Iulija"]
[Black "Gaponenko, Inna"]
[Result "1/2-1/2"]
[WhiteElo "2403"]
[BlackElo "2420"]
[Annotator "TA"]
[PlyCount "37"]
[EventDate "2018.12.11"]
[EventType "tourn"]
[EventCountry "UKR"]
[SourceTitle "playchess.com"]
[Source "ChessBase"]
[SourceQuality "1"]

{[%evp 23,37,0,0,-79,-68,-79,-70,-78,-72,-73,-75,-69,-76,-103,-58,-54]} 1. d4 Nf6 2. c4 g6 3. Nc3 Bg7 4. e4 d6 5. f4 O-O 6. Nf3 c5 7. d5 e6 8. dxe6 fxe6 9. Bd3 Nc6 10. O-O Nd4 11. Nxd4 {E76: King's Indian: Four Pawns Attack: Lines specific to 6 Nf3 move-order} (11. Bd2 Bd7 12. Nxd4 cxd4 13. Nb5 Bc6 14. Qe2 Ne8 15. e5 Bxb5 16. cxb5 dxe5 17. fxe5 Nc7 18. Rxf8+ Qxf8 {½-½ (77) Ponomariov,R (2726)-Vovk,Y (2562) Kiev 2012}) 11... cxd4 12. Nb5 Ne8 {LiveBook: 5 Games} 13. f5 $146 (13. Bd2 $11 {keeps the balance.}) ({Predecessor:} 13. Bd2 a6 14. Na3 Nf6 15. Nc2 Nd7 16. Bb4 Qb6 17. e5 Nc5 18. exd6 Qxd6 {½-½ (35) Loeschnauer,R (2481)-Serazeev,A (2524) ICCF email 2016}) 13... a6 $17 ({Reject} 13... gxf5 14. exf5 e5 15. Qe1 $11) 14. Na3 exf5 15. exf5 Bxf5 16. Bxf5 Rxf5 17. Rxf5 gxf5 18. Qb3 Qe7 {[%cal Re7e1] [#]} 19. Bf4 1/2-1/2

[Event "UKR-ch Women Final 2018"]
[Site "Kiev"]
[Date "2018.12.15"]
[Round "5"]
[White "Shpanko, Nadiia"]
[Black "Buksa, Nataliya"]
[Result "1/2-1/2"]
[WhiteElo "2262"]
[BlackElo "2410"]
[Annotator "TA"]
[PlyCount "93"]
[EventDate "2018.12.11"]
[EventType "tourn"]
[EventCountry "UKR"]
[SourceTitle "playchess.com"]
[Source "ChessBase"]
[SourceQuality "1"]

{[%evp 22,93,9,4,7,19,18,2,18,9,66,46,63,4,13,0,7,0,25,14,13,6,6,6,6,6,0,0,0,7,7,7,10,0,0,0,0,0,0,0,0,0,0,0,0,0,0,0,0,0,0,0,0,0,0,0,0,0,0,0,0,0,0,0,0,0,0,0,0,0,0,0,0,0]} 1. d4 d5 2. Nf3 Nf6 3. Bf4 g6 4. e3 Bg7 5. Be2 c5 6. c3 Nc6 7. h3 O-O 8. Nbd2 {D02: 1 d4 d5 2 Nf3 sidelines, including 2...Nf6 3 g3 and 2...Nf6 3 Bf4} Nd7 (8... b6 9. O-O Bb7 10. Ne5 Nd7 11. Nxc6 Bxc6 12. a4 Re8 13. Re1 Qc8 14. Nf3 Qb7 15. b4 cxb4 16. cxb4 b5 17. a5 a6 18. Rc1 {0-1 (46) Zhou,J (2615)-Yu,Y (2759) Tianjin 2018}) 9. O-O Qb6 10. Qc2 e5 11. dxe5 Ndxe5 12. Qb3 {LiveBook: 5 Games} Be6 $146 ({Predecessor:} 12... Bf5 13. Nxe5 {½-½ (13) Feygin,M (2490)-Admiraal,M (2448) Belgium 2017}) 13. Ng5 Bf5 14. e4 dxe4 $1 15. Ngxe4 Qxb3 (15... Rfd8 $11) 16. axb3 $14 b6 17. g4 (17. Bb5 $14) 17... Be6 $11 18. Nd6 Na5 19. N2c4 Naxc4 (19... Nexc4 {is more complex.} 20. Nxc4 Nxb3 21. Ra3 Bxc4 22. Bxc4 Na5) 20. Nxc4 Nxc4 {The position is equal.} 21. Bxc4 Bxc4 22. bxc4 f5 23. g5 Rfe8 24. Rfe1 Rxe1+ 25. Rxe1 {[%mdl 4096] Endgame KRB-KRB} Rd8 26. Kg2 Kf7 27. Kf3 Rd7 28. Ke2 Bf8 29. Rd1 Ke6 30. Rxd7 Kxd7 {KB-KB} 31. Kd3 Be7 32. f3 a6 33. Kc2 Kc6 34. Kb3 Bd8 35. Ka3 b5 36. Kb3 Ba5 37. cxb5+ axb5 38. c4 Be1 39. Be5 Bf2 40. Kc3 Bh4 41. f4 Be1+ 42. Kd3 Ba5 43. Bc3 Bc7 44. Bd2 Bd6 45. b3 Bf8 46. Bc3 Bd6 47. Bd2 {Accuracy: White = 83%, Black = 82%.} 1/2-1/2

[Event "UKR-ch Women Final 2018"]
[Site "Kiev"]
[Date "2018.12.15"]
[Round "5"]
[White "Rakhmangulova, Anastasiya"]
[Black "Babiy, Olga"]
[Result "0-1"]
[WhiteElo "2233"]
[BlackElo "2275"]
[Annotator "NA"]
[PlyCount "68"]
[EventDate "2018.12.11"]
[EventType "tourn"]
[EventCountry "UKR"]
[SourceTitle "playchess.com"]
[Source "ChessBase"]
[SourceQuality "1"]
[TimeControl "40/5400+30:1800+30"]

1. e4 {[%emt 0:00:00]} c6 {[%emt 0:00:00]} 2. d4 {[%emt 0:00:00]} d5 {[%emt 0:00:00]} 3. Nc3 {[%emt 0:00:00]} dxe4 {[%emt 0:00:00]} 4. Nxe4 {[%emt 0:00:00]} Nf6 {[%emt 0:00:00]} 5. Nxf6+ {[%emt 0:00:00]} exf6 {[%emt 0:00:00]} 6. c3 {[%emt 0:00:00]} Bd6 {[%emt 0:00:03]} 7. Bd3 {[%emt 0:00:00]} O-O {[%emt 0:00:10]} 8. Qc2 {[%emt 0:00:00]} Re8+ {[%emt 0:00:09]} 9. Ne2 {[%emt 0:00:01]} h5 {[%emt 0:00:07]} 10. Be3 {[%emt 0:00:06]} Nd7 {[%emt 0:00:08]} 11. O-O-O {[%emt 0:00:05]} Nf8 {[%emt 0:00:19]} 12. Kb1 {[%emt 0:00:30]} Be6 {[%emt 0:01:17]} 13. c4 {[%emt 0:02:11]} Rc8 {[%emt 0:02:40]} 14. Ng3 {[%emt 0:19:43]} g6 {[%emt 0:04:24]} 15. Ne4 {[%emt 0:01:49]} b5 {[%emt 0:04:51]} 16. d5 {[%emt 0:16:03]} cxd5 {[%emt 0:09:00]} 17. Nxd6 {[%emt 0:00:04]} Qxd6 {[%emt 0:01:04]} 18. c5 {[%emt 0:00:03]} Qc6 {[%emt 0:02:28]} 19. Bd4 {[%emt 0:08:15]} Bd7 {[%emt 0:01:24]} 20. b4 {[%emt 0:08:43]} a5 {[%emt 0:12:32]} 21. Rhe1 {[%emt 0:18:58]} axb4 {[%emt 0:01:17]} 22. f4 {[%emt 0:02:34]} Bg4 23. f5 {[%emt 0:01:21]} Bxd1 {[%emt 0:19:07]} 24. Rxd1 {[%emt 0:00:03]} g5 {[%emt 0:01:37]} 25. h4 {[%emt 0:00:47]} Nd7 26. hxg5 fxg5 {[%emt 0:15:34]} 27. f6 {[%emt 0:19:16]} Nxf6 {[%emt 0:04:25]} 28. Rf1 {[%emt 0:00:26]} Ne4 29. Bxe4 {[%emt 0:01:43]} Rxe4 {[%emt 0:01:56]} 30. Rf6 Qe8 {[%emt 0:07:58]} 31. Rh6 {[%emt 0:01:48]} f6 {[%emt 0:00:07]} 32. Bb2 Re1+ {[%emt 0:02:42]} 33. Bc1 {[%emt 0:00:55]} Qe4 {[%emt 0:00:07]} 34. Qxe4 {[%emt 0:01:00]} dxe4 0-1

[Event "UKR-ch Women Final 2018"]
[Site "Kiev"]
[Date "2018.12.15"]
[Round "5"]
[White "Martynkova, Olena"]
[Black "Doluhanova, Evgeniya"]
[Result "1/2-1/2"]
[WhiteElo "2173"]
[BlackElo "2367"]
[Annotator "NA"]
[PlyCount "26"]
[EventDate "2018.12.11"]
[EventType "tourn"]
[EventCountry "UKR"]
[SourceTitle "playchess.com"]
[Source "ChessBase"]
[SourceQuality "1"]
[TimeControl "40/5400+30:1800+30"]

1. d4 {[%emt 0:00:00]} Nf6 {[%emt 0:00:00]} 2. c4 {[%emt 0:00:03]} e6 {[%emt 0:00:00]} 3. Nf3 {[%emt 0:00:31]} b6 {[%emt 0:00:02]} 4. g3 {[%emt 0:00:21]} Bb7 {[%emt 0:00:06]} 5. Bg2 {[%emt 0:00:14]} Be7 {[%emt 0:00:06]} 6. O-O {[%emt 0:00:30]} O-O {[%emt 0:00:14]} 7. Nc3 {[%emt 0:00:20]} Ne4 {[%emt 0:00:42]} 8. Bd2 {[%emt 0:00:24]} Nxd2 {[%emt 0:01:53]} 9. Qxd2 {[%emt 0:00:55]} d6 {[%emt 0:00:52]} 10. d5 {[%emt 0:11:08]} e5 {[%emt 0:03:32]} 11. e4 {[%emt 0:04:00]} Nd7 {[%emt 0:00:30]} 12. Ne1 {[%emt 0:02:04]} a5 {[%emt 0:05:20]} 13. Nd3 {[%emt 0:10:55]} Ba6 {[%emt 0:10:04]} 1/2-1/2

[Event "UKR-ch Women Final 2018"]
[Site "Kiev"]
[Date "2018.12.15"]
[Round "5"]
[White "Dolzhykova, Kateryna"]
[Black "Berdnyk, Mariia"]
[Result "1-0"]
[WhiteElo "2161"]
[BlackElo "2248"]
[Annotator "NA"]
[PlyCount "75"]
[EventDate "2018.12.11"]
[EventType "tourn"]
[EventCountry "UKR"]
[SourceTitle "playchess.com"]
[Source "ChessBase"]
[SourceQuality "1"]
[TimeControl "40/5400+30:1800+30"]

1. e4 {[%emt 0:00:00]} c5 {[%emt 0:00:00]} 2. Nf3 {[%emt 0:00:00]} d6 {[%emt 0:00:00]} 3. Bb5+ {[%emt 0:00:13]} Nd7 {[%emt 0:00:00]} 4. Ba4 {[%emt 0:00:14]} Ngf6 {[%emt 0:00:00]} 5. O-O {[%emt 0:00:27]} a6 {[%emt 0:00:00]} 6. c4 {[%emt 0:00:35]} g6 {[%emt 0:00:00]} 7. b4 {[%emt 0:18:30]} Bg7 {[%emt 0:03:55]} 8. bxc5 {[%emt 0:05:19]} Nxe4 {[%emt 0:08:14]} 9. d4 {[%emt 0:00:17]} O-O {[%emt 0:07:52]} 10. cxd6 {[%emt 0:11:34]} Nxd6 {[%emt 0:00:28]} 11. Bb3 {[%emt 0:01:24]} b5 {[%emt 0:03:00]} 12. cxb5 {[%emt 0:12:13]} axb5 {[%emt 0:00:17]} 13. Nbd2 {[%emt 0:00:18]} Bb7 {[%emt 0:01:13]} 14. Bb2 {[%emt 0:00:23]} Nb6 {[%emt 0:03:32]} 15. Rc1 {[%emt 0:07:21]} Na4 {[%emt 0:05:33]} 16. Ba1 {[%emt 0:00:21]} Nf5 {[%emt 0:01:53]} 17. Re1 {[%emt 0:12:21]} Nxd4 {[%emt 0:11:50]} 18. Nxd4 {[%emt 0:00:20]} Bxd4 {[%emt 0:00:01]} 19. Bxd4 {[%emt 0:01:19]} Qxd4 {[%emt 0:00:01]} 20. Rxe7 {[%emt 0:00:58]} Bd5 {[%emt 0:01:00]} 21. Bxd5 {[%emt 0:08:03]} Qxd5 {[%emt 0:00:07]} 22. Ne4 {[%emt 0:03:59]} Qxd1+ {[%emt 0:02:05]} 23. Rxd1 {[%emt 0:00:01]} Rfd8 {[%emt 0:01:54]} 24. Re1 {[%emt 0:03:12]} h6 {[%emt 0:04:39]} 25. h4 {[%emt 0:01:49]} Kg7 {[%emt 0:10:37]} 26. h5 gxh5 {[%emt 0:03:00]} 27. Re3 {[%emt 0:01:23]} h4 {[%emt 0:05:47]} 28. Rf3 {[%emt 0:00:19]} Rd1+ {[%emt 0:00:22]} 29. Kh2 {[%emt 0:00:03]} Rf8 {[%emt 0:00:25]} 30. Rf4 {[%emt 0:01:05]} Re1 {[%emt 0:06:39]} 31. Rc7 {[%emt 0:03:47]} Kg6 {[%emt 0:02:07]} 32. Rc6+ {[%emt 0:01:09]} f6 {[%emt 0:03:21]} 33. Nxf6 {[%emt 0:00:12]} Rd8 {[%emt 0:00:16]} 34. Ne4+ {[%emt 0:01:02]} Kg7 {[%emt 0:03:21]} 35. Rc7+ {[%emt 0:00:14]} Kg6 {[%emt 0:01:01]} 36. Rf6+ {[%emt 0:00:09]} Kh5 {[%emt 0:00:03]} 37. Rg7 {[%emt 0:00:37]} Rd5 {[%emt 0:00:36]} 38. g4+ {[%emt 0:00:18]} 1-0

[Event "UKR-ch Women Final 2018"]
[Site "Kiev"]
[Date "2018.12.17"]
[Round "6"]
[White "Gaponenko, Inna"]
[Black "Rakhmangulova, Anastasiya"]
[Result "*"]
[WhiteElo "2420"]
[BlackElo "2233"]
[Annotator "TA"]
[PlyCount "49"]
[EventDate "2018.12.11"]
[EventType "tourn"]
[EventCountry "UKR"]
[SourceTitle "playchess.com"]
[Source "ChessBase"]
[SourceQuality "1"]

{[%evp 25,28,26,64,18,44]} 1. e4 c5 2. Nf3 e6 3. c3 d5 4. exd5 Qxd5 5. d4 Nc6 6. Bd3 Nf6 7. O-O cxd4 8. cxd4 Be7 9. Nc3 Qd6 10. a3 {B22: Sicilian: 2 c3} h6 11. Be3 O-O 12. Qe2 b6 13. Rad1 Bb7 {LiveBook: 6 Games} 14. Rfe1 Rad8 {[#]} {Predecessor:} 15. Bb1 $146 Rfe8 16. Qc2 Bf8 17. d5 Ne7 18. dxe6 Qxe6 19. Bd4 Qg4 20. Bxf6 Ng6 21. h3 Rxd1 22. Qxd1 Rxe1+ 23. Qxe1 Qf4 24. Bxg6 Bxf3 25. Be5 {1-0 (25) Bojkov,D (2520)-Knors,R (2093) Chambery 2007} *